[Event "ESP-chT CECLUB Div2"]
[Site "Linares"]
[Date "2019.08.23"]
[Round "7.5"]
[White "Gonzalez Aguirre, Luis"]
[Black "Nieves Cabanes, Javier"]
[Result "0-1"]
[WhiteElo "2112"]
[BlackElo "2211"]
[PlyCount "62"]
[EventDate "2019.08.19"]
[EventType "team-swiss"]
[EventRounds "7"]
[EventCountry "ESP"]
[SourceTitle "EXT 2020"]
[Source "ChessBase"]
[SourceDate "2019.10.17"]
[SourceVersion "1"]
[SourceVersionDate "2019.10.17"]
[SourceQuality "1"]
[WhiteTeam "Ateneo Maritimo"]
[BlackTeam "Manises Eva"]
[WhiteTeamCountry "ESP"]
[BlackTeamCountry "ESP"]

1. Nf3 Nf6 2. c4 e6 3. Nc3 d5 4. cxd5 exd5 5. d4 Bb4 6. Bg5 Nbd7 7. Qc2 c5 8. e3 Qa5 9. Bd3 c4 10. Bf5 0-0 11. 0-0 Re8 12. Nd2 g6 13. Bh3 Bxc3 14. bxc3 Ne4 15. Nxe4 dxe4 16. Bxd7 Bxd7 17. Bf4 Re6 18. Rfb1 Qd5 19. Qb2 b6 20. Qa3 g5 21. Be5 h5 22. h3 h4 23. Rb4 Rg6 24. Rab1 f6 25. Bh2 g4 26. hxg4 Qg5 27. Qa6 Qxg4 28. Qxc4+ Kh8 29. Qf1 Rag8 30. Kh1 Qh5 31. d5 Bh3 0-1

[Event "Quart de Poblet op 7th"]
[Site "Quart de Poblet"]
[Date "2019.08.11"]
[Round "9"]
[White "Ceferino Valles, Juan Carlos"]
[Black "Gonzalez Aguirre, Luis"]
[Result "0-1"]
[WhiteElo "1593"]
[BlackElo "2112"]
[PlyCount "70"]
[EventDate "2019.08.05"]
[EventType "swiss"]
[EventRounds "9"]
[EventCountry "ESP"]
[SourceTitle "CBM 191 Extra"]
[Source "ChessBase"]
[SourceDate "2019.09.30"]
[SourceVersion "1"]
[SourceVersionDate "2019.09.30"]
[SourceQuality "1"]

1. e4 c6 2. Nf3 d5 3. Nc3 Bg4 4. d4 Nf6 5. h3 Bxf3 6. gxf3 e6 7. a3 Qc7 8. e5 Nfd7 9. Ne2 c5 10. c3 Nc6 11. f4 g6 12. h4 h5 13. Be3 Be7 14. Ng1 0-0-0 15. b4 cxd4 16. cxd4 Kb8 17. Rc1 Qb6 18. Rh3 Rc8 19. Ne2 Qd8 20. Nc3 Nb6 21. Na4 Nxa4 22. Qxa4 Qb6 23. Rc5 Bxc5 24. dxc5 Qd8 25. Bd2 Ne7 26. b5 Rxc5 27. Be3 Qc7 28. Bxc5 Qxc5 29. Bd3 Rc8 30. Kf1 Rc7 31. Be2 Nc8 32. Qb3 Qc1+ 33. Kg2 Qxf4 34. a4 b6 35. a5 bxa5 0-1

[Event "Quart de Poblet op 7th"]
[Site "Quart de Poblet"]
[Date "2019.08.07"]
[Round "4"]
[White "Baeza Garcia, Agustin"]
[Black "Gonzalez Aguirre, Luis"]
[Result "0-1"]
[WhiteElo "1761"]
[BlackElo "2112"]
[PlyCount "92"]
[EventDate "2019.08.05"]
[EventType "swiss"]
[EventRounds "9"]
[EventCountry "ESP"]
[SourceTitle "CBM 191 Extra"]
[Source "ChessBase"]
[SourceDate "2019.09.30"]
[SourceVersion "1"]
[SourceVersionDate "2019.09.30"]
[SourceQuality "1"]

1. d4 d5 2. Nf3 Nf6 3. c4 e6 4. Nc3 Bb4 5. cxd5 exd5 6. Qa4+ Nc6 7. Bg5 0-0 8. e3 h6 9. Bxf6 Qxf6 10. Be2 Be6 11. 0-0 a6 12. Rfc1 Bd6 13. Qd1 Ne7 14. Na4 b6 15. Qf1 Bc8 16. b4 Ng6 17. Nc3 Bb7 18. Rab1 Qe7 19. b5 a5 20. Bd3 f5 21. Ne2 Qf6 22. g3 Rae8 23. Qg2 Bc8 24. Nf4 Ne7 25. h4 g5 26. Ne2 Rf7 27. Kf1 Rg7 28. hxg5 hxg5 29. Ke1 f4 30. exf4 gxf4 31. Kd2 Bf5 32. Rh1 Bxd3 33. Kxd3 Qg6+ 34. Kc3 fxg3 35. Nxg3 Nf5 36. Qh3 Nxg3 37. fxg3 Re3+ 38. Kb2 Rxf3 39. Qh8+ Kf7 40. Rbe1 Be7 41. Rh6 Rf2+ 42. Ka1 Qxg3 43. Rh3 Qg2 44. Rxe7+ Kxe7 45. Re3+ Kd6 46. Qd8+ Rd7 0-1

[Event "Valencia-ch B"]
[Site "Denia"]
[Date "2019.05.05"]
[Round "3"]
[White "Barbera Estelles, Rosendo"]
[Black "Gonzalez Aguirre, Luis"]
[Result "1/2-1/2"]
[WhiteElo "2179"]
[BlackElo "2092"]
[PlyCount "25"]
[EventDate "2019.05.04"]
[EventType "swiss"]
[EventRounds "7"]
[EventCountry "ESP"]
[SourceTitle "EXT 2024"]
[Source "ChessBase"]
[SourceDate "2023.10.10"]
[SourceVersion "1"]
[SourceVersionDate "2023.10.10"]
[SourceQuality "1"]

1. Nf3 Nf6 2. g3 g6 3. Bg2 Bg7 4. 0-0 0-0 5. d3 d6 6. e4 e5 7. c3 c6 8. Re1 Re8 9. Nbd2 Nbd7 10. h3 h6 11. Qc2 Qc7 12. d4 a5 13. a4 1/2-1/2

[Event "Benidorm op U2300 17th"]
[Site "Benidorm"]
[Date "2018.12.03"]
[Round "4"]
[White "Gonzalez Aguirre, Luis"]
[Black "Ortega Ruiz, Jose Miguel"]
[Result "0-1"]
[WhiteElo "2101"]
[BlackElo "2298"]
[PlyCount "150"]
[EventDate "2018.11.30"]
[EventType "swiss"]
[EventRounds "10"]
[EventCountry "ESP"]
[SourceTitle "EXT 2022"]
[Source "ChessBase"]
[SourceDate "2021.10.06"]
[SourceVersion "1"]
[SourceVersionDate "2021.10.06"]
[SourceQuality "1"]

1. Nf3 Nc6 2. c4 e5 3. Nc3 Nf6 4. d3 Be7 5. g3 d5 6. cxd5 Nxd5 7. Bg2 Nb6 8. 0-0 0-0 9. a3 Re8 10. b4 Bf8 11. Bb2 a5 12. b5 Nd4 13. Nd2 a4 14. Rc1 Qd7 15. Nc4 Nxb5 16. Nxb6 cxb6 17. Nxa4 Ra6 18. Qb3 Nd4 19. Bxd4 Qxd4 20. Rxc8 Rxc8 21. Bxb7 Rxa4 22. Bxc8 Rxa3 23. Qc4 Qb2 24. Bg4 b5 25. Qc7 b4 26. Bf3 Qd4 27. Rb1 g6 28. Qb7 Ra7 29. Qd5 Qc3 30. Kg2 Ra6 31. Qb7 Rf6 32. Qd5 Kg7 33. Qc4 Qxc4 34. dxc4 Bc5 35. e3 Ra6 36. Bd1 f5 37. Bb3 Kf6 38. h4 h6 39. Kf3 g5 40. hxg5+ hxg5 41. Rh1 Ra3 42. Rb1 g4+ 43. Ke2 Kg5 44. Kd3 Ra7 45. Ke2 f4 46. exf4+ exf4 47. gxf4+ Kxf4 48. Rd1 Re7+ 49. Kf1 g3 50. fxg3+ Kxg3 51. Rd5 Be3 52. Ke2 Kf4 53. Kd3 Rc7 54. Rd8 Bc5 55. Rd5 Be7 56. Ba4 Bc5 57. Rd7 Rc8 58. Rd5 Be7 59. Rd7 Bf6 60. Rd5 Ra8 61. Bb3 Ra1 62. Kc2 Ke4 63. Rd1 Ra7 64. Re1+ Kd4 65. Rd1+ Kc5 66. Rd5+ Kc6 67. Rd2 Ra1 68. Rg2 Rf1 69. Rd2 Rf3 70. Rd3 Rf4 71. Rd2 Bc3 72. Rh2 Rf3 73. Rh6+ Bf6 74. Kd2 Kc7 75. c5 Bg5+ 0-1

[Event "Valencia Region-ch"]
[Site "Valencia"]
[Date "2016.10.22"]
[Round "3"]
[White "Castro Santimoteo, Raul"]
[Black "Gonzalez Aguirre, Luis"]
[Result "0-1"]
[WhiteElo "1984"]
[BlackElo "2031"]
[PlyCount "84"]
[EventDate "2016.10.01"]
[EventType "swiss"]
[EventRounds "7"]
[EventCountry "ESP"]
[SourceTitle "EXT 2024"]
[Source "ChessBase"]
[SourceDate "2023.10.10"]
[SourceVersion "1"]
[SourceVersionDate "2023.10.10"]
[SourceQuality "1"]

1. d4 d5 2. c4 e6 3. Nc3 Nf6 4. cxd5 exd5 5. Bg5 c6 6. e3 Be7 7. Bd3 Nbd7 8. Nf3 Nh5 9. Bxe7 Qxe7 10. 0-0 0-0 11. Ne5 g6 12. Nxd7 Bxd7 13. e4 dxe4 14. Bxe4 Nf6 15. Bf3 Be6 16. Qa4 Qd7 17. d5 Nxd5 18. Nxd5 Bxd5 19. Rfd1 Rfd8 20. Bxd5 cxd5 21. Qd4 Qf5 22. f3 a6 23. Rac1 Rac8 24. Qb6 Qd7 25. Rxc8 Rxc8 26. Qd4 Qe6 27. Kf2 Rc4 28. Qd3 Qb6+ 29. Kg3 Qxb2 30. Qxd5 Rc2 31. f4 Qc3+ 32. Rd3 Qc4 33. Qd8+ Kg7 34. f5 Qc7+ 35. Qxc7 Rxc7 36. fxg6 hxg6 37. Rd4 Rc3+ 38. Kf4 Rc2 39. a4 Rxg2 40. Rb4 Rxh2 41. Kg3 Ra2 42. Kf4 a5 0-1

[Event "Valencia Region-ch"]
[Site "Valencia"]
[Date "2016.10.08"]
[Round "2"]
[White "Gonzalez Aguirre, Luis"]
[Black "Bixquert Jimenez, Francisco"]
[Result "1/2-1/2"]
[WhiteElo "2031"]
[BlackElo "1940"]
[PlyCount "93"]
[EventDate "2016.10.01"]
[EventType "swiss"]
[EventRounds "7"]
[EventCountry "ESP"]
[SourceTitle "EXT 2024"]
[Source "ChessBase"]
[SourceDate "2023.10.10"]
[SourceVersion "1"]
[SourceVersionDate "2023.10.10"]
[SourceQuality "1"]

1. d4 Nf6 2. Nf3 d6 3. c4 Nbd7 4. Nc3 e5 5. g3 Be7 6. Bg2 c6 7. e4 0-0 8. 0-0 Qc7 9. Re1 Re8 10. h3 Bf8 11. Be3 a6 12. Rc1 b6 13. Qd2 exd4 14. Nxd4 Ne5 15. b3 c5 16. Nf5 Bb7 17. f4 Ned7 18. Bf2 g6 19. Nh4 Bc6 20. Nd5 Bxd5 21. cxd5 Rad8 22. Qd3 b5 23. Nf3 Nh5 24. Nd4 Nb8 25. Bf3 Ng7 26. g4 f6 27. a4 Qd7 28. Nc6 Nxc6 29. dxc6 Qxc6 30. e5 d5 31. exf6 Qxf6 32. Rxe8 Rxe8 33. Bxd5+ Kh8 34. Qf3 Ne6 35. Bxe6 Rxe6 36. Qc3 Qxc3 37. Rxc3 bxa4 38. bxa4 Re4 39. a5 Rxf4 40. Bxc5 Bxc5+ 41. Rxc5 Ra4 42. g5 Kg7 43. Rc7+ Kg8 44. Rc5 Kg7 45. Kg2 Kg8 46. Kf3 Kg7 47. Rc7+ 1/2-1/2

[Event "Valencia Region-ch"]
[Site "Valencia"]
[Date "2016.10.01"]
[Round "1"]
[White "Valmana Canto, Jaime"]
[Black "Gonzalez Aguirre, Luis"]
[Result "1-0"]
[WhiteElo "2399"]
[BlackElo "2031"]
[PlyCount "91"]
[EventDate "2016.10.01"]
[EventType "swiss"]
[EventRounds "7"]
[EventCountry "ESP"]
[SourceTitle "EXT 2024"]
[Source "ChessBase"]
[SourceDate "2023.10.10"]
[SourceVersion "1"]
[SourceVersionDate "2023.10.10"]
[SourceQuality "1"]

1. d4 d5 2. c4 e6 3. Nc3 Be7 4. e4 dxe4 5. Nxe4 Nf6 6. Nxf6+ Bxf6 7. Nf3 0-0 8. Bd3 c5 9. h4 g6 10. h5 cxd4 11. Qc2 Bg7 12. hxg6 hxg6 13. Bg5 Qa5+ 14. Bd2 Qc7 15. Bxg6 fxg6 16. Qxg6 Rxf3 17. gxf3 Qe5+ 18. Kf1 Qf5 19. Qe8+ Qf8 20. Qh5 Qf5 21. Bg5 Nd7 22. Rg1 Nf6 23. Qh4 Kf7 24. Bh6 Bxh6 25. Qxh6 Qh7 26. Qxh7+ Nxh7 27. Rd1 e5 28. f4 Bh3+ 29. Ke2 Re8 30. fxe5 Rxe5+ 31. Kf3 Bd7 32. Rxd4 Bc6+ 33. Kg3 Nf6 34. f3 Re3 35. Rf4 a5 36. Kf2 Re5 37. Rh1 Kg7 38. Re1 Rxe1 39. Kxe1 Kf7 40. Kf2 Ke6 41. Rh4 Nd7 42. Rh6+ Kf5 43. Rh5+ Kg6 44. Rxa5 Kf6 45. b3 Ne5 46. f4 1-0

[Event "Mislata op 50th"]
[Site "Mislata"]
[Date "2016.08.08"]
[Round "1"]
[White "Gonzalez Aguirre, Luis"]
[Black "Galvan, Jesus"]
[Result "0-1"]
[WhiteElo "2046"]
[BlackElo "2275"]
[PlyCount "106"]
[EventDate "2016.08.08"]
[EventType "swiss"]
[EventRounds "9"]
[EventCountry "ESP"]
[SourceTitle "CBM 173 Extra"]
[Source "ChessBase"]
[SourceDate "2016.08.29"]
[SourceVersion "1"]
[SourceVersionDate "2016.08.29"]
[SourceQuality "1"]

1. Nf3 d6 2. g3 e5 3. c4 f5 4. Nc3 Nf6 5. Bg2 Be7 6. d3 0-0 7. 0-0 Kh8 8. Rb1 Qe8 9. Bg5 Ng4 10. Bxe7 Qxe7 11. Qd2 c6 12. h3 Nh6 13. d4 f4 14. dxe5 dxe5 15. gxf4 exf4 16. Rbd1 Na6 17. Qd6 Qe8 18. Rd2 Be6 19. b3 Qg6 20. Rfd1 Rf6 21. Ne5 Qf5 22. Ne4 Nf7 23. Nxf7+ Rxf7 24. Ng5 Qxg5 25. Qxe6 Rff8 26. Qg4 Qe5 27. a3 Nc5 28. b4 Na4 29. Rd7 Nc3 30. R1d2 a5 31. b5 Rae8 32. Rxb7 cxb5 33. cxb5 Rf5 34. Rxg7 f3 35. Bxf3 Qxg7 36. Qxg7+ Kxg7 37. b6 Rb8 38. b7 Kf8 39. Rd7 Rf7 40. Rd6 Rbxb7 41. Bxb7 Rxb7 42. Rf6+ Kg7 43. Rf5 a4 44. Ra5 Rb1+ 45. Kg2 Rb3 46. e4 Rxa3 47. e5 Rb3 48. f4 a3 49. f5 a2 50. Ra7+ Kh6 51. e6 Kg5 52. e7 Rb8 53. Ra3 Re8 0-1

[Event "Madrid Chamartin op 4th"]
[Site "Madrid"]
[Date "2015.09.12"]
[Round "9"]
[White "Bento Iglesias, Pablo"]
[Black "Gonzalez Aguirre, Luis"]
[Result "1-0"]
[WhiteElo "1860"]
[BlackElo "2116"]
[PlyCount "69"]
[EventDate "2015.09.06"]
[EventType "swiss"]
[EventRounds "9"]
[EventCountry "ESP"]
[SourceTitle "EXT 2016"]
[Source "ChessBase"]
[SourceDate "2015.10.08"]
[SourceVersion "1"]
[SourceVersionDate "2015.10.08"]
[SourceQuality "1"]

1. e4 c6 2. d4 d5 3. exd5 cxd5 4. c4 Nf6 5. Nc3 e6 6. Nf3 Bb4 7. Bg5 Qa5 8. Bd2 dxc4 9. Bxc4 0-0 10. 0-0 Nc6 11. a3 Bxc3 12. Bxc3 Qd8 13. Qe2 Bd7 14. Rac1 Rc8 15. b4 Ne7 16. Ne5 Ned5 17. Bd2 Bc6 18. b5 Be8 19. Rfd1 Qd6 20. Qd3 Bd7 21. g4 h6 22. h4 Nh7 23. g5 hxg5 24. hxg5 f6 25. Nxd7 Qxd7 26. g6 Ng5 27. Bxg5 fxg5 28. Qh3 Rf6 29. Bxd5 Rxg6 30. Rxc8+ Qxc8 31. Re1 g4 32. Qd3 Rh6 33. Qf5 Qc7 34. Bxe6+ Kh8 35. Qf8+ 1-0

[Event "Benidorm op U2300 13th"]
[Site "Benidorm"]
[Date "2014.12.06"]
[Round "9"]
[White "Bendayan Claros, Aaron Arturo"]
[Black "Gonzalez Aguirre, Luis"]
[Result "1/2-1/2"]
[WhiteElo "2233"]
[BlackElo "2098"]
[PlyCount "30"]
[EventDate "2014.11.28"]
[EventType "swiss"]
[EventRounds "10"]
[EventCountry "ESP"]
[SourceTitle "CBM 163 Extra"]
[Source "ChessBase"]
[SourceDate "2014.12.23"]
[SourceVersion "1"]
[SourceVersionDate "2014.12.23"]
[SourceQuality "1"]

1. d4 d5 2. Nf3 Nf6 3. c4 e6 4. Nc3 Bb4 5. Qa4+ Nc6 6. a3 Bxc3+ 7. bxc3 Bd7 8. Qc2 h6 9. Bf4 dxc4 10. e4 Na5 11. Nd2 b5 12. g3 0-0 13. Bg2 Bc6 14. 0-0 a6 15. Rfe1 Qd7 1/2-1/2

[Event "Madrid Chamartin op 3rd"]
[Site "Madrid"]
[Date "2014.09.12"]
[Round "8"]
[White "Gonzalez Aguirre, Luis"]
[Black "Aziz Ortego, Omar Luis"]
[Result "1/2-1/2"]
[WhiteElo "2089"]
[BlackElo "2094"]
[PlyCount "127"]
[EventDate "2014.09.07"]
[EventType "swiss"]
[EventRounds "9"]
[EventCountry "ESP"]
[SourceTitle "CBM 162 Extra"]
[Source "ChessBase"]
[SourceDate "2014.10.17"]
[SourceVersion "1"]
[SourceVersionDate "2014.10.17"]
[SourceQuality "1"]

1. Nf3 d5 2. d4 e6 3. c4 Nf6 4. Nc3 Be7 5. Bg5 0-0 6. Qc2 Nbd7 7. cxd5 exd5 8. e3 c6 9. Bd3 Re8 10. 0-0 h6 11. Bf4 Nf8 12. h3 Bd6 13. Ne5 c5 14. Nb5 c4 15. Nxd6 cxd3 16. Nxd3 Re6 17. Nxc8 Rxc8 18. Qe2 Rec6 19. Rfc1 Ne6 20. Be5 Ne4 21. Rxc6 Rxc6 22. Rc1 Qc8 23. Rxc6 Qxc6 24. f3 f6 25. Bh2 N4g5 26. Qd2 Kf7 27. Bg3 Ke8 28. Kh2 Nf7 29. Nb4 Qb5 30. a3 a5 31. Nd3 Nfd8 32. Qc2 b6 33. h4 Qc4 34. Qb1 Kd7 35. b3 Qc3 36. Be1 Qc7+ 37. Kg1 Nb7 38. Qc1 Qc6 39. Qxc6+ Kxc6 40. Kf1 Nd6 41. Ke2 h5 42. a4 Nb7 43. Bg3 b5 44. Nf4 Nxf4+ 45. Bxf4 Nd8 46. Kd3 bxa4 47. bxa4 Kd7 48. e4 Ke6 49. Bd2 Nc6 50. exd5+ Kxd5 51. Bc3 g5 52. g3 gxh4 53. gxh4 f5 54. Ke3 Kc4 55. Ba1 Nb4 56. Kf4 Nc2 57. Bb2 Kb3 58. Bc1 Nxd4 59. Be3 Nc2 60. Bc5 Kxa4 61. Kxf5 Kb5 62. Bf8 a4 63. Kg5 Nd4 64. Kxh5 1/2-1/2

[Event "Mislata op-A 48th"]
[Site "Mislata"]
[Date "2014.08.16"]
[Round "8"]
[White "Ferrer Moreno, Jose"]
[Black "Gonzalez Aguirre, Luis"]
[Result "1-0"]
[WhiteElo "2135"]
[BlackElo "2118"]
[PlyCount "139"]
[EventDate "2014.08.11"]
[EventType "swiss"]
[EventRounds "9"]
[EventCountry "ESP"]
[SourceTitle "CBM 161 Extra"]
[Source "ChessBase"]
[SourceDate "2014.08.29"]
[SourceVersion "1"]
[SourceVersionDate "2014.08.29"]
[SourceQuality "1"]

1. d4 d5 2. Nf3 Nf6 3. c4 e6 4. Nc3 Be7 5. Bg5 0-0 6. e3 h6 7. Bh4 Ne4 8. Bxe7 Qxe7 9. Qc2 Nxc3 10. bxc3 c5 11. cxd5 exd5 12. Be2 Nd7 13. 0-0 b6 14. Rfe1 Bb7 15. a4 Qd6 16. Rab1 cxd4 17. cxd4 Rac8 18. Qd2 Rc7 19. a5 Rfc8 20. axb6 axb6 21. Rec1 Qa3 22. Rxc7 Rxc7 23. g3 Ba6 24. Bxa6 Qxa6 25. Qb2 Qc8 26. Kg2 Rc2 27. Qb5 Nf6 28. Qxb6 Ng4 29. Qb8 Nxe3+ 30. Kh1 Rc1+ 31. Ng1 Nf5 32. Qxc8+ Rxc8 33. Nf3 Rc3 34. Kg2 Rc4 35. Rb8+ Kh7 36. Ne5 Rxd4 37. Nxf7 Re4 38. Rd8 Re7 39. Nd6 Nxd6 40. Rxd6 Re5 41. h4 h5 42. Kf3 g6 43. Kf4 Re4+ 44. Kf3 Re5 45. Rd7+ Kh6 46. g4 hxg4+ 47. Kxg4 Re4+ 48. f4 Rd4 49. Rd6 Kh7 50. Kg5 Rd1 51. Rd7+ Kg8 52. Kxg6 Rg1+ 53. Kf6 Rg4 54. f5 Rxh4 55. Rd8+ Kh7 56. Rxd5 Rh6+ 57. Kf7 Ra6 58. Rd7 Kh6 59. f6 Kg5 60. Rd5+ Kh6 61. Re5 Ra8 62. Re1 Ra7+ 63. Re7 Ra6 64. Re6 Ra7+ 65. Kf8 Ra8+ 66. Re8 Ra7 67. f7 Kh7 68. Rd8 Kg6 69. Rd6+ Kh7 70. Ke8 1-0

[Event "Benidorm op U2300 12th"]
[Site "Benidorm"]
[Date "2013.12.07"]
[Round "10"]
[White "Gonzalez Aguirre, Luis"]
[Black "Martin Martin, Luis Vicente"]
[Result "1-0"]
[WhiteElo "2157"]
[BlackElo "2031"]
[PlyCount "51"]
[EventDate "2013.11.29"]
[EventType "swiss"]
[EventRounds "10"]
[EventCountry "ESP"]
[SourceTitle "CBM 157 Extra"]
[Source "ChessBase"]
[SourceDate "2013.12.19"]
[SourceVersion "1"]
[SourceVersionDate "2013.12.19"]
[SourceQuality "1"]

1. Nf3 d5 2. d4 Nf6 3. c4 c6 4. Qc2 g6 5. Bf4 Bg7 6. e3 Bf5 7. Qb3 Qb6 8. Nc3 Nbd7 9. h3 Qxb3 10. axb3 0-0 11. Be2 Bc2 12. Nd2 Ne4 13. Ndxe4 dxe4 14. Kd2 Bd3 15. Bxd3 exd3 16. Kxd3 e5 17. dxe5 Nxe5+ 18. Kc2 a6 19. Rhd1 Rfd8 20. Ne4 f5 21. Nc5 Rxd1 22. Rxd1 b6 23. Bxe5 Bxe5 24. Nd7 Bc7 25. Nf6+ Kg7 26. Rd7+ 1-0

[Event "Benidorm op U2300 12th"]
[Site "Benidorm"]
[Date "2013.12.05"]
[Round "8"]
[White "Gonzalez Aguirre, Luis"]
[Black "Mataix Arbona, Cesar"]
[Result "1-0"]
[WhiteElo "2157"]
[BlackElo "2082"]
[PlyCount "65"]
[EventDate "2013.11.29"]
[EventType "swiss"]
[EventRounds "10"]
[EventCountry "ESP"]
[SourceTitle "CBM 157 Extra"]
[Source "ChessBase"]
[SourceDate "2013.12.19"]
[SourceVersion "1"]
[SourceVersionDate "2013.12.19"]
[SourceQuality "1"]

1. c4 Nf6 2. Nc3 e6 3. Nf3 d5 4. d4 c6 5. cxd5 exd5 6. Bg5 Nbd7 7. Qc2 Be7 8. e3 0-0 9. Bd3 h6 10. Bh4 Re8 11. g4 g5 12. Rg1 gxh4 13. g5 Ne4 14. gxh6+ Kh8 15. Bxe4 dxe4 16. Ng5 Qc7 17. Ncxe4 Bb4+ 18. Ke2 Nf8 19. Qc4 Be6 20. d5 Bxd5 21. Qd4+ Qe5 22. Qxb4 f6 23. f4 Qf5 24. Qd4 Rxe4 25. Nxe4 Bxe4 26. Rad1 Re8 27. Qd6 Qh5+ 28. Kd2 Qxh6 29. Kc1 Ne6 30. Qd7 Qf8 31. Rg4 Qc5+ 32. Kd2 Rd8 33. Rxh4+ 1-0

[Event "Provincial-ch Valencia"]
[Site "Valencia"]
[Date "2013.10.05"]
[Round "1"]
[White "Gonzalez Aguirre, Luis"]
[Black "Roca Cruz, Rafael"]
[Result "1/2-1/2"]
[WhiteElo "2157"]
[BlackElo "1988"]
[PlyCount "109"]
[EventDate "2013.10.05"]
[EventType "swiss"]
[EventRounds "7"]
[EventCountry "ESP"]
[SourceTitle "EXT 2024"]
[Source "ChessBase"]
[SourceDate "2023.10.10"]
[SourceVersion "1"]
[SourceVersionDate "2023.10.10"]
[SourceQuality "1"]

1. d4 c6 2. c4 d6 3. g3 Qc7 4. Bg2 e5 5. Nf3 Bg4 6. 0-0 Nd7 7. b3 Be7 8. Bb2 Bxf3 9. Bxf3 Bf6 10. e3 Ne7 11. Nc3 exd4 12. exd4 0-0 13. Ne4 d5 14. Nxf6+ Nxf6 15. Qc2 Rfe8 16. Rfe1 Qd7 17. Rad1 Rad8 18. Bg2 Qf5 19. Qxf5 Nxf5 20. Bh3 Nd6 21. c5 Nde4 22. f3 Ng5 23. Bg2 Rxe1+ 24. Rxe1 Re8 25. Rxe8+ Nxe8 26. Kf2 f5 27. Ke3 Kf7 28. Bf1 Kf6 29. Bc3 Ne6 30. h4 g6 31. Be1 N8g7 32. a4 h6 33. Kd3 g5 34. hxg5+ hxg5 35. Be2 Ke7 36. Kc3 Ne8 37. b4 a6 38. Bd3 N8g7 39. b5 axb5 40. axb5 Nc7 41. b6 Nce6 42. Bd2 Kf6 43. Be3 f4 44. gxf4 gxf4 45. Bxf4 Nxf4 46. Ba6 Nge6 47. Bxb7 Ne2+ 48. Kb4 N2xd4 49. Bc8 Nd8 50. f4 N4e6 51. b7 Nxb7 52. Bxb7 Nxc5 53. Kxc5 Kf5 54. Bxc6 Kxf4 55. Kxd5 1/2-1/2